[Event "2nd Sharjah Masters International Chess Championship"]
[Site "Sharjah Culture & Chess Club"]
[Date "2018.04.12"]
[Round "1"]
[Board "21"]
[White "Jumabayev, Rinat"]
[Black "Gagare, Shalmali"]
[Result "1-0"]
[WhiteElo "2612"]
[BlackElo "2039"]
[PlyCount "0"]
[EventDate "2018.04.12"]
[EventRounds "9"]
[EventCountry "UAE"]

1. e4 {[%clk 1:30:58]} e6 {[%clk 1:30:12]} 2. d4 {[%clk 1:31:23]} d5
{[%clk 1:30:33]} 3. Nd2 {[%clk 1:31:47]} c5 {[%clk 1:30:33]} 4. Ngf3
{[%clk 1:32:10]} cxd4 {[%clk 1:30:33]} 5. Nxd4 {[%clk 1:32:18]} Nf6
{[%clk 1:28:35]} 6. exd5 {[%clk 1:32:33]} exd5 {[%clk 1:24:40]} 7. Bb5+
{[%clk 1:31:04]} Bd7 {[%clk 1:22:07]} 8. Qe2+ {[%clk 1:30:58]} Qe7
{[%clk 1:20:33]} 9. O-O {[%clk 1:31:18]} Qxe2 {[%clk 1:19:12]} 10. Bxe2
{[%clk 1:31:44]} Nc6 {[%clk 1:16:28]} 11. Nb5 {[%clk 1:31:39]} O-O-O
{[%clk 1:13:22]} 12. Nb3 {[%clk 1:31:38]} a6 {[%clk 0:53:59]} 13. Nc3
{[%clk 1:31:29]} Bf5 {[%clk 0:43:50]} 14. Bd1 {[%clk 1:27:49]} d4
{[%clk 0:35:04]} 15. Na4 {[%clk 1:27:54]} Nb4 {[%clk 0:20:15]} 16. Bf4
{[%clk 1:23:16]} b5 {[%clk 0:15:28]} 17. Nac5 {[%clk 1:21:48]} Rd5
{[%clk 0:11:59]} 18. a3 {[%clk 1:20:12]} Bxc5 {[%clk 0:08:38]} 19. axb4
{[%clk 1:20:15]} Bxb4 {[%clk 0:08:55]} 20. Rxa6 {[%clk 1:20:41]} Kb7
{[%clk 0:04:03]} 21. Rxf6 {[%clk 1:20:46]} gxf6 {[%clk 0:04:27]} 22. Bf3
{[%clk 1:21:13]} Rhd8 {[%clk 0:04:17]} 23. Nxd4 {[%clk 1:21:21]} Kb6
{[%clk 0:04:00]} 24. Bxd5 {[%clk 1:21:15]} Rxd5 {[%clk 0:04:25]} 25. Nxf5
{[%clk 1:21:34]} Rxf5 {[%clk 0:04:50]} 26. Be3+ {[%clk 1:21:16]} Bc5
{[%clk 0:04:30]} 27. b4 {[%clk 1:21:02]} Bxe3 {[%clk 0:03:06]} 28. fxe3
{[%clk 1:21:30]} Rxf1+ {[%clk 0:02:44]} 29. Kxf1 {[%clk 1:21:56]} f5
{[%clk 0:01:39]} 30. Ke2 {[%clk 1:22:20]} Kc6 {[%clk 0:01:59]} 31. Kd3
{[%clk 1:22:42]} Kd5 {[%clk 0:02:22]} 32. h3 {[%clk 1:23:03]} h6 {[%clk 0:01:02]}
33. h4 {[%clk 1:22:22]} h5 {[%clk 0:00:47]} 34. c3 {[%clk 1:22:25]} f6
{[%clk 0:00:44]} 35. g3 {[%clk 1:22:50]} Ke5 {[%clk 0:00:45]} 36. c4
{[%clk 1:23:13]} bxc4+ {[%clk 0:00:48]} 37. Kxc4 {[%clk 1:23:43]} Ke4
{[%clk 0:00:48]} 38. b5 {[%clk 1:24:08]} Kxe3 {[%clk 0:00:56]} 39. b6
{[%clk 1:24:35]} Kf3 {[%clk 0:01:09]} 40. b7 {[%clk 1:25:00]} Kxg3
{[%clk 0:01:35]} 41. b8=Q+ {[%clk 1:25:26]} Kg2 {[%clk 0:01:53]} 42. Qf4
{[%clk 1:25:47]} Kh1 {[%clk 0:02:14]} 43. Kd3 {[%clk 1:26:09]} 1-0

[Event "2nd Sharjah Masters International Chess Championship"]
[Site "Sharjah Culture & Chess Club"]
[Date "2018.04.12"]
[Round "1"]
[Board "30"]
[White "Priyanka, Nutakki"]
[Black "Haddouche, Mohamed"]
[Result "1-0"]
[WhiteElo "1957"]
[BlackElo "2506"]
[PlyCount "0"]
[EventDate "2018.04.12"]
[EventRounds "9"]
[EventCountry "UAE"]

1. e4 {[%clk 1:30:53]} e5 {[%clk 1:30:40]} 2. Nf3 {[%clk 1:31:12]} Nc6
{[%clk 1:30:53]} 3. Bc4 {[%clk 1:31:30]} Bc5 {[%clk 1:30:52]} 4. c3
{[%clk 1:31:36]} Nf6 {[%clk 1:30:59]} 5. d3 {[%clk 1:31:58]} O-O {[%clk 1:30:46]}
6. O-O {[%clk 1:31:34]} d5 {[%clk 1:24:46]} 7. exd5 {[%clk 1:31:32]} Nxd5
{[%clk 1:24:35]} 8. Re1 {[%clk 1:27:30]} Bg4 {[%clk 1:23:55]} 9. h3
{[%clk 1:27:28]} Bh5 {[%clk 1:24:19]} 10. g4 {[%clk 1:11:12]} Bg6
{[%clk 1:23:26]} 11. Nxe5 {[%clk 1:11:36]} Nxe5 {[%clk 1:23:25]} 12. Rxe5
{[%clk 1:12:03]} c6 {[%clk 1:22:36]} 13. Bxd5 {[%clk 1:00:40]} cxd5
{[%clk 1:22:58]} 14. Qf3 {[%clk 1:00:56]} Re8 {[%clk 1:13:21]} 15. Rxd5
{[%clk 0:46:55]} Re1+ {[%clk 0:35:17]} 16. Kg2 {[%clk 0:46:52]} Qb6
{[%clk 0:29:00]} 17. Bd2 {[%clk 0:29:57]} Re6 {[%clk 0:23:14]} 18. b4
{[%clk 0:26:36]} Bd6 {[%clk 0:22:50]} 19. Na3 {[%clk 0:13:29]} Rf6
{[%clk 0:21:00]} 20. Nc4 {[%clk 0:13:57]} Qc7 {[%clk 0:21:09]} 21. Qe2
{[%clk 0:11:24]} Qc6 {[%clk 0:18:34]} 22. Ne3 {[%clk 0:11:53]} Re8
{[%clk 0:18:56]} 23. c4 {[%clk 0:11:53]} Bb8 {[%clk 0:19:09]} 24. Rh1
{[%clk 0:08:10]} b5 {[%clk 0:19:17]} 25. g5 {[%clk 0:00:33]} Rf5 {[%clk 0:10:43]}
26. Qg4 {[%clk 0:00:33]} bxc4 {[%clk 0:05:00]} 27. Qxc4 {[%clk 0:00:47]} Rxg5+
{[%clk 0:04:30]} 28. Kf1 {[%clk 0:01:17]} Qb7 {[%clk 0:04:43]} 29. Rg1
{[%clk 0:00:35]} Rxd5 {[%clk 0:03:32]} 30. Nxd5 {[%clk 0:01:04]} Qd7
{[%clk 0:03:21]} 31. Kg2 {[%clk 0:00:33]} h6 {[%clk 0:00:38]} 32. Bf4
{[%clk 0:00:37]} Bd6 {[%clk 0:00:39]} 33. Bxd6 Qxd6 34. Nf4 {[%clk 0:01:14]} Kh7
{[%clk 0:01:29]} 35. Nxg6 {[%clk 0:00:55]} fxg6 {[%clk 0:01:53]} 36. Rc1
{[%clk 0:00:44]} Re5 {[%clk 0:00:42]} 37. h4 {[%clk 0:01:13]} Rd5
{[%clk 0:01:03]} 38. Qe4 {[%clk 0:00:53]} a6 {[%clk 0:00:37]} 39. Rc4
{[%clk 0:00:41]} Qd7 {[%clk 0:00:56]} 40. d4 {[%clk 0:00:37]} Qb7
{[%clk 0:00:44]} 41. f3 {[%clk 0:00:43]} Qf7 {[%clk 0:00:53]} 42. Rc6
{[%clk 0:00:42]} a5 {[%clk 0:00:37]} 43. a3 {[%clk 0:00:34]} axb4
{[%clk 0:00:41]} 44. axb4 {[%clk 0:01:03]} Rb5 {[%clk 0:00:34]} 45. Qb1
{[%clk 0:01:02]} Rf5 {[%clk 0:00:55]} 46. Qe4 {[%clk 0:00:36]} Qa2+
{[%clk 0:00:49]} 47. Qc2 {[%clk 0:00:43]} Qa1 {[%clk 0:01:07]} 48. d5
{[%clk 0:00:34]} Qe1 {[%clk 0:00:46]} 49. Qe4 {[%clk 0:00:38]} Qd2+
{[%clk 0:01:00]} 50. Kg3 {[%clk 0:00:47]} h5 {[%clk 0:01:17]} 51. b5
{[%clk 0:00:42]} Qb2 {[%clk 0:00:46]} 52. Qe8 {[%clk 0:00:46]} Rf6
{[%clk 0:00:34]} 53. Rxf6 {[%clk 0:01:15]} gxf6 {[%clk 0:00:47]} 54. Qe7+
{[%clk 0:01:21]} Kh6 {[%clk 0:01:16]} 55. Qe3+ {[%clk 0:01:12]} g5
{[%clk 0:01:33]} 56. b6 {[%clk 0:01:06]} Qb4 {[%clk 0:01:20]} 57. hxg5+
{[%clk 0:01:16]} fxg5 {[%clk 0:01:49]} 58. Qe6+ {[%clk 0:01:38]} Kg7
{[%clk 0:02:15]} 59. Qe5+ {[%clk 0:01:21]} Kh6 {[%clk 0:02:37]} 60. Qf6+
{[%clk 0:01:38]} Kh7 {[%clk 0:03:06]} 61. Qxg5 {[%clk 0:00:47]} Qe1+
{[%clk 0:03:19]} 62. Kg2 {[%clk 0:00:36]} Qe2+ {[%clk 0:03:40]} 63. Kg3
{[%clk 0:00:43]} Qe1+ {[%clk 0:04:05]} 64. Kh2 {[%clk 0:00:43]} Qf2+
{[%clk 0:03:52]} 65. Qg2 {[%clk 0:01:11]} Qh4+ {[%clk 0:03:16]} 66. Kg1
{[%clk 0:01:09]} Qe1+ {[%clk 0:03:44]} 67. Qf1 {[%clk 0:01:33]} Qg3+
{[%clk 0:04:00]} 68. Kh1 {[%clk 0:02:01]} Qh4+ {[%clk 0:04:00]} 69. Kg2
{[%clk 0:02:29]} Qg5+ {[%clk 0:04:20]} 70. Kf2 {[%clk 0:02:21]} Qh4+
{[%clk 0:02:36]} 71. Ke3 {[%clk 0:02:39]} Qe7+ {[%clk 0:02:55]} 72. Kd4
{[%clk 0:01:15]} Qb4+ {[%clk 0:03:17]} 73. Qc4 {[%clk 0:01:30]} Qxb6+
{[%clk 0:03:43]} 74. Ke5 {[%clk 0:01:54]} Kg7 {[%clk 0:02:12]} 75. d6
{[%clk 0:01:45]} Qe3+ {[%clk 0:01:00]} 76. Qe4 {[%clk 0:02:14]} Qc5+
{[%clk 0:01:04]} 77. Qd5 {[%clk 0:01:41]} Qc3+ {[%clk 0:01:26]} 78. Qd4
{[%clk 0:01:23]} Qxd4+ {[%clk 0:00:37]} 79. Kxd4 {[%clk

[Event "2nd Sharjah Masters International Chess Championship"]
[Site "Sharjah Culture & Chess Club"]
[Date "2018.04.13"]
[Round "2"]
[Board "6"]
[White "Viani, Antonio Dcunha"]
[Black "Inarkiev, Ernesto"]
[Result "1/2-1/2"]
[WhiteElo "2435"]
[BlackElo "2680"]
[PlyCount "0"]
[EventDate "2018.04.12"]
[EventRounds "9"]
[EventCountry "UAE"]

1. e4 {[%clk 1:30:38]} e5 {[%clk 1:30:54]} 2. Nf3 {[%clk 1:31:02]} Nc6
{[%clk 1:31:17]} 3. Bc4 {[%clk 1:31:27]} Nf6 {[%clk 1:31:42]} 4. d3
{[%clk 1:31:38]} Bc5 {[%clk 1:32:07]} 5. O-O {[%clk 1:31:47]} h6 {[%clk 1:32:14]}
6. c3 {[%clk 1:31:07]} d6 {[%clk 1:32:39]} 7. Nbd2 {[%clk 1:22:36]} a5
{[%clk 1:32:18]} 8. h3 {[%clk 1:20:53]} Ba7 {[%clk 1:18:59]} 9. Re1
{[%clk 1:16:49]} O-O {[%clk 1:17:41]} 10. Bb3 {[%clk 1:14:43]} Nh5
{[%clk 1:15:19]} 11. Nc4 {[%clk 1:02:58]} Qf6 {[%clk 1:13:31]} 12. Ne3
{[%clk 0:57:56]} Nf4 {[%clk 1:13:31]} 13. Nd5 {[%clk 0:54:13]} Nxd5
{[%clk 1:12:29]} 14. exd5 {[%clk 0:54:08]} Ne7 {[%clk 1:09:56]} 15. d4
{[%clk 0:51:48]} exd4 {[%clk 0:56:46]} 16. Nxd4 {[%clk 0:51:53]} a4
{[%clk 0:57:08]} 17. Bc4 {[%clk 0:47:04]} c6 {[%clk 0:35:46]} 18. dxc6
{[%clk 0:37:12]} bxc6 {[%clk 0:33:46]} 19. Be3 {[%clk 0:37:16]} d5
{[%clk 0:31:51]} 20. Bf1 {[%clk 0:33:06]} Bb8 {[%clk 0:29:44]} 21. Nf3
{[%clk 0:28:19]} Qd6 {[%clk 0:28:03]} 22. g3 {[%clk 0:23:09]} Nf5
{[%clk 0:26:25]} 23. Bf4 {[%clk 0:23:15]} Qc5 {[%clk 0:26:48]} 24. Qd2
{[%clk 0:21:53]} Nxg3 {[%clk 0:21:12]} 25. Be3 {[%clk 0:15:02]} Nxf1
{[%clk 0:20:41]} 26. Bxc5 {[%clk 0:15:03]} Nxd2 {[%clk 0:21:04]} 27. Nxd2
{[%clk 0:15:27]} Bxh3 {[%clk 0:20:45]} 28. Bxf8 {[%clk 0:14:50]} Kxf8
{[%clk 0:21:13]} 29. Nf3 {[%clk 0:14:31]} Bf4 {[%clk 0:15:50]} 30. Ne5
{[%clk 0:12:21]} a3 {[%clk 0:13:30]} 31. bxa3 {[%clk 0:10:39]} Bd2
{[%clk 0:12:28]} 32. Re2 {[%clk 0:07:50]} Bxc3 {[%clk 0:12:52]} 33. Rc1
{[%clk 0:08:08]} d4 {[%clk 0:13:11]} 34. Nxc6 {[%clk 0:07:05]} Rxa3
{[%clk 0:03:33]} 35. Re4 {[%clk 0:06:25]} d3 {[%clk 0:01:45]} 36. Rd1
{[%clk 0:05:48]} Bf6 {[%clk 0:00:41]} 37. Rb4 {[%clk 0:04:29]} g5
{[%clk 0:00:45]} 38. Rb3 {[%clk 0:04:07]} Rxa2 {[%clk 0:01:13]} 39. Rbxd3
{[%clk 0:03:52]} Bg4 {[%clk 0:01:40]} 40. Re1 {[%clk 0:03:40]} Kg7
{[%clk 0:01:47]} 41. Nb4 {[%clk 0:03:14]} Ra4 {[%clk 0:00:38]} 42. Nd5
{[%clk 0:03:18]} Bb2 {[%clk 0:00:55]} 43. Rb3 {[%clk 0:03:01]} Bd4
{[%clk 0:00:43]} 44. Rb4 {[%clk 0:02:56]} Rxb4 {[%clk 0:01:09]} 45. Nxb4
{[%clk 0:03:22]} Bf3 {[%clk 0:01:16]} 46. Nc2 {[%clk 0:03:13]} Bf6
{[%clk 0:01:25]} 47. Ne3 {[%clk 0:02:41]} Kg6 {[%clk 0:01:50]} 48. Nc4
{[%clk 0:02:40]} Bd5 {[%clk 0:02:01]} 49. Nb6 {[%clk 0:02:11]} Be6
{[%clk 0:02:23]} 50. Rd1 {[%clk 0:02:31]} h5 {[%clk 0:02:13]} 51. Nd7
{[%clk 0:02:18]} Be7 {[%clk 0:02:25]} 52. Ne5+ {[%clk 0:02:40]} Kf6
{[%clk 0:02:02]} 53. Nc6 {[%clk 0:02:43]} Bc5 {[%clk 0:02:05]} 54. Rc1
{[%clk 0:02:14]} Bd6 {[%clk 0:02:31]} 55. Nd4 {[%clk 0:02:07]} Bd5
{[%clk 0:02:52]} 56. Rd1 {[%clk 0:02:04]} Ke5 {[%clk 0:02:52]} 57. Nb5
{[%clk 0:01:13]} Bc5 {[%clk 0:03:07]} 58. Rc1 {[%clk 0:01:29]} Bb4
{[%clk 0:01:53]} 59. Nc3 {[%clk 0:01:31]} Bf3 {[%clk 0:02:05]} 60. Re1+
{[%clk 0:01:32]} Kf4 {[%clk 0:00:39]} 61. Re3 {[%clk 0:01:54]} h4
{[%clk 0:00:39]} 62. Ne2+ {[%clk 0:01:31]} Kg4 {[%clk 0:00:56]} 63. Nd4
{[%clk 0:01:36]} Bd5 {[%clk 0:00:33]} 64. Re5 {[%clk 0:01:45]} Ba8
{[%clk 0:00:59]} 65. Re8 {[%clk 0:01:35]} Bd5 {[%clk 0:01:28]} 66. Re5
{[%clk 0:01:55]} Bc4 {[%clk 0:00:36]} 67. Re4+ {[%clk 0:01:00]} Kh5
{[%clk 0:01:06]} 68. Nf5 {[%clk 0:00:50]} Bd3 {[%clk 0:01:18]} 69. Ng3+
{[%clk 0:00:42]} hxg3 {[%clk 0:01:40]} 70. Rxb4 {[%clk 0:01:09]} gxf2+
{[%clk 0:02:04]} 71. Kxf2 {[%clk 0:01:35]} f5 {[%clk 0:02:29]} 72. Ra4
{[%clk 0:01:38]} Be4 {[%clk 0:02:46]} 73. Kg3 {[%clk 0:01:27]} f4+
{[%clk 0:02:16]} 74. Kf2 {[%clk 0:01:52]} Bf5 {[%clk 0:02:39]} 75. Kf3
{[%clk 0:01:27]} Bg4+ {[%clk 0:02:58]} 76. Kg2 {[%clk 0:01:44]} Bd7
{[%clk 0:03:11]} 77. Rc4 {[%clk 0:01:18]} Kg4 {[%clk 0:03:36]} 78. Rc5
{[%clk 0:01:21]} Be6 {[%c

[Event "2nd Sharjah Masters International Chess Championship"]
[Site "Sharjah Culture & Chess Club"]
[Date "2018.04.13"]
[Round "2"]
[Board "8"]
[White "Sindarov, Javokhir"]
[Black "Jones, Gawain C B"]
[Result "1/2-1/2"]
[WhiteElo "2431"]
[BlackElo "2675"]
[PlyCount "0"]
[EventDate "2018.04.12"]
[EventRounds "9"]
[EventCountry "UAE"]

1. e4 {[%clk 1:30:58]} c5 {[%clk 1:30:31]} 2. Nc3 {[%clk 1:31:07]} Nc6
{[%clk 1:30:53]} 3. g3 {[%clk 1:31:34]} g6 {[%clk 1:31:15]} 4. Bg2
{[%clk 1:32:03]} Bg7 {[%clk 1:31:26]} 5. d3 {[%clk 1:32:30]} Rb8 {[%clk 1:31:40]}
6. Be3 {[%clk 1:32:23]} d6 {[%clk 1:32:00]} 7. Nge2 {[%clk 1:32:45]} b5
{[%clk 1:31:29]} 8. Qd2 {[%clk 1:33:11]} Nd4 {[%clk 1:31:42]} 9. O-O
{[%clk 1:30:49]} b4 {[%clk 1:29:28]} 10. Nd1 {[%clk 1:31:11]} h5 {[%clk 1:29:44]}
11. c3 {[%clk 1:18:54]} bxc3 {[%clk 1:28:23]} 12. bxc3 {[%clk 1:19:21]} Nxe2+
{[%clk 1:28:40]} 13. Qxe2 {[%clk 1:19:49]} h4 {[%clk 1:28:36]} 14. Rc1
{[%clk 1:10:05]} Qa5 {[%clk 1:25:29]} 15. c4 {[%clk 1:09:32]} Nf6
{[%clk 1:21:22]} 16. Bd2 {[%clk 1:05:07]} Qa6 {[%clk 1:10:40]} 17. Bc3
{[%clk 1:01:42]} e5 {[%clk 1:01:32]} 18. Ne3 {[%clk 1:00:50]} Qa3
{[%clk 1:00:57]} 19. Ba1 {[%clk 0:56:12]} Be6 {[%clk 0:53:13]} 20. Rc3
{[%clk 0:48:37]} Qa4 {[%clk 0:50:46]} 21. Qc2 {[%clk 0:47:42]} Qxc2
{[%clk 0:47:51]} 22. Nxc2 {[%clk 0:47:49]} Nh5 {[%clk 0:41:31]} 23. Ra3
{[%clk 0:47:30]} O-O {[%clk 0:40:14]} 24. Bc3 {[%clk 0:43:50]} f5
{[%clk 0:34:56]} 25. exf5 {[%clk 0:42:46]} gxf5 {[%clk 0:32:32]} 26. Bh3
{[%clk 0:39:38]} Rf7 {[%clk 0:29:25]} 27. Ra6 {[%clk 0:36:07]} Rb6
{[%clk 0:28:07]} 28. Rxb6 {[%clk 0:36:15]} axb6 {[%clk 0:28:32]} 29. Ne3
{[%clk 0:34:29]} Bh6 {[%clk 0:27:48]} 30. Rb1 {[%clk 0:27:59]} hxg3
{[%clk 0:27:28]} 31. Rxb6 {[%clk 0:28:20]} Nf4 {[%clk 0:25:47]} 32. Bf1
{[%clk 0:28:47]} gxf2+ {[%clk 0:18:45]} 33. Kxf2 {[%clk 0:29:14]} Ra7
{[%clk 0:18:54]} 34. Rxd6 {[%clk 0:29:19]} Rxa2+ {[%clk 0:19:15]} 35. Kf3
{[%clk 0:29:27]} Bg7 {[%clk 0:18:44]} 36. h4 {[%clk 0:19:38]} Kf7
{[%clk 0:15:36]} 37. Rc6 {[%clk 0:18:31]} Nxd3 {[%clk 0:11:47]} 38. Rc7+
{[%clk 0:17:13]} Kf8 {[%clk 0:12:00]} 39. Bxd3 {[%clk 0:17:02]} e4+
{[%clk 0:11:52]} 40. Bxe4 {[%clk 0:17:29]} fxe4+ {[%clk 0:12:15]} 41. Kxe4
{[%clk 0:17:57]} Bxc3 {[%clk 0:12:33]} 42. Rxc5 {[%clk 0:18:26]} Rh2
{[%clk 0:09:00]} 43. Rc6 {[%clk 0:18:37]} Bd7 {[%clk 0:09:14]} 44. Rd6
{[%clk 0:18:56]} Ke7 {[%clk 0:08:26]} 45. Rh6 {[%clk 0:15:52]} Kf8
{[%clk 0:07:12]} 46. Rd6 {[%clk 0:15:45]} Ke7 {[%clk 0:07:10]} 47. Rh6
{[%clk 0:16:10]} Bg7 {[%clk 0:07:35]} 48. Rh5 {[%clk 0:16:09]} Bc6+
{[%clk 0:06:29]} 49. Kd3 {[%clk 0:16:23]} Rh3 {[%clk 0:06:37]} 50. Kd2
{[%clk 0:16:27]} Kf7 {[%clk 0:06:11]} 51. Rf5+ {[%clk 0:11:50]} Ke8
{[%clk 0:06:29]} 52. Rh5 {[%clk 0:09:04]} Be4 {[%clk 0:05:16]} 53. Rg5
{[%clk 0:07:54]} Rh2+ {[%clk 0:05:24]} 54. Ke1 {[%clk 0:07:55]} Bc3+
{[%clk 0:05:37]} 55. Kf1 {[%clk 0:08:22]} Bd3+ {[%clk 0:04:40]} 56. Kg1
{[%clk 0:08:47]} Re2 {[%clk 0:04:26]} 57. Nf5 {[%clk 0:07:27]} Bd2
{[%clk 0:04:15]} 58. Nd6+ {[%clk 0:07:46]} Kf8 {[%clk 0:03:36]} 59. Rd5
{[%clk 0:07:48]} Be3+ {[%clk 0:03:46]} 60. Kh1 {[%clk 0:07:06]} Rd2
{[%clk 0:03:47]} 61. Re5 {[%clk 0:06:42]} Bf4 {[%clk 0:03:47]} 62. Re8+
{[%clk 0:07:08]} Kg7 {[%clk 0:04:13]} 63. c5 {[%clk 0:07:35]} Be2
{[%clk 0:03:18]} 64. Re7+ {[%clk 0:06:22]} Kg6 {[%clk 0:03:38]} 65. Kg2
{[%clk 0:05:30]} Bg4+ {[%clk 0:03:39]} 66. Kg1 {[%clk 0:05:22]} Bf3
{[%clk 0:03:22]} 67. Nc4 {[%clk 0:05:35]} Rc2 {[%clk 0:03:16]} 68. Ne3
{[%clk 0:05:15]} Re2 {[%clk 0:03:16]} 69. h5+ {[%clk 0:04:35]} Kxh5
{[%clk 0:02:56]} 70. Nf5 {[%clk 0:04:24]} Rxe7 {[%clk 0:02:37]} 71. Nxe7
{[%clk 0:04:50]} Be3+ {[%clk 0:02:53]} 72. Kh2 {[%clk 0:05:13]} Bxc5
{[%clk 0:02:37]} 73. Nf5 {[%clk 0:05:30]} Kg5 {[%clk 0:02:16]} 74. Ng3
{[%clk 0:05:50]} Bb6 {[%clk 0:01:40]} 75. Kh3 {[%clk 0:06:06]} Kf4
{[%clk 0:01:39]} 76. Nf1 {[%clk 0:06:18]} Bc6 {[%clk 0:01:52]} 77. Nh2
{[%clk 0:06:43]} Bc7 {[%clk 0:01:40]} 78. Nf1 {[%clk 0:07:06]}

[Event "2nd Sharjah Masters International Chess Championship"]
[Site "Sharjah Culture & Chess Club"]
[Date "2018.04.13"]
[Round "2"]
[Board "14"]
[White "Adly, Ahmed"]
[Black "Assaubayeva, Bibisara"]
[Result "1/2-1/2"]
[WhiteElo "2626"]
[BlackElo "2359"]
[PlyCount "0"]
[EventDate "2018.04.12"]
[EventRounds "9"]
[EventCountry "UAE"]

1. Nf3 {[%clk 1:30:40]} Nf6 {[%clk 1:30:42]} 2. g3 {[%clk 1:30:51]} g6
{[%clk 1:31:06]} 3. Bg2 {[%clk 1:31:18]} Bg7 {[%clk 1:31:27]} 4. O-O
{[%clk 1:31:45]} O-O {[%clk 1:31:45]} 5. d4 {[%clk 1:32:09]} d6 {[%clk 1:32:09]}
6. b3 {[%clk 1:32:22]} c5 {[%clk 1:31:45]} 7. Bb2 {[%clk 1:32:35]} cxd4
{[%clk 1:30:55]} 8. Nxd4 {[%clk 1:33:02]} d5 {[%clk 1:30:37]} 9. Na3
{[%clk 1:33:18]} Nc6 {[%clk 1:26:29]} 10. c4 {[%clk 1:33:04]} Nxd4
{[%clk 1:25:01]} 11. Bxd4 {[%clk 1:33:23]} Qa5 {[%clk 1:19:50]} 12. Qc1
{[%clk 1:33:50]} Be6 {[%clk 1:17:54]} 13. Qb2 {[%clk 1:27:16]} Rac8
{[%clk 1:12:51]} 14. b4 {[%clk 1:21:25]} Qd8 {[%clk 1:10:03]} 15. cxd5
{[%clk 1:21:43]} Bxd5 {[%clk 1:09:57]} 16. e4 {[%clk 1:22:11]} Be6
{[%clk 1:04:47]} 17. Rfd1 {[%clk 1:21:36]} Qe8 {[%clk 0:59:28]} 18. e5
{[%clk 1:17:27]} Nd5 {[%clk 0:57:27]} 19. Bxa7 {[%clk 1:15:32]} Nc3
{[%clk 0:55:47]} 20. Re1 {[%clk 1:15:48]} Qd7 {[%clk 0:50:52]} 21. Rac1
{[%clk 1:10:41]} Nxa2 {[%clk 0:45:37]} 22. Rcd1 {[%clk 1:10:52]} Qa4
{[%clk 0:41:07]} 23. Bc5 {[%clk 1:11:20]} Rfe8 {[%clk 0:32:44]} 24. Bxb7
{[%clk 1:06:51]} Rb8 {[%clk 0:28:45]} 25. Be4 {[%clk 0:55:25]} Rec8
{[%clk 0:21:11]} 26. Bc2 {[%clk 0:47:57]} Qe8 {[%clk 0:19:40]} 27. Qd4
{[%clk 0:47:36]} Rd8 {[%clk 0:18:56]} 28. Qh4 {[%clk 0:47:31]} Rxd1
{[%clk 0:16:34]} 29. Bxd1 {[%clk 0:47:52]} Qd7 {[%clk 0:15:04]} 30. Qf4 Qd3
{[%clk 0:11:21]} 31. Nc2 {[%clk 0:35:02]} Nc3 {[%clk 0:11:36]} 32. Ne3
{[%clk 0:35:31]} Qd2 {[%clk 0:09:40]} 33. Rf1 {[%clk 0:35:59]} Qb2
{[%clk 0:07:41]} 34. Ng4 {[%clk 0:33:44]} Nd5 {[%clk 0:05:32]} 35. Qe4
{[%clk 0:28:48]} h5 {[%clk 0:03:53]} 36. Ne3 {[%clk 0:28:59]} Nxb4
{[%clk 0:03:16]} 37. f4 {[%clk 0:28:53]} Bh3 {[%clk 0:02:33]} 38. Ng2
{[%clk 0:29:00]} Nd3 {[%clk 0:01:33]} 39. Be3 {[%clk 0:29:11]} Rb4
{[%clk 0:01:14]} 40. Qf3 {[%clk 0:27:45]} Bxg2 {[%clk 0:01:07]} 41. Qxg2
{[%clk 0:28:13]} Qxg2+ {[%clk 0:01:29]} 42. Kxg2 {[%clk 0:28:41]} Rb2+
{[%clk 0:01:51]} 43. Kg1 {[%clk 0:28:15]} e6 {[%clk 0:01:16]} 44. Ba4
{[%clk 0:27:36]} Re2 {[%clk 0:00:54]} 45. Bb6 {[%clk 0:27:49]} Rb2
{[%clk 0:00:59]} 46. Bc7 {[%clk 0:28:15]} Bf8 {[%clk 0:00:44]} 47. Bd6
{[%clk 0:28:13]} Rb6 {[%clk 0:00:46]} 48. Bc2 {[%clk 0:24:36]} Nb4
{[%clk 0:00:34]} 49. Rb1 {[%clk 0:25:03]} Nd5 {[%clk 0:00:35]} 50. Rxb6
{[%clk 0:25:30]} Nxb6 {[%clk 0:01:04]} 51. Bd3 {[%clk 0:25:54]} Nc8
{[%clk 0:01:03]} 52. Bc7 {[%clk 0:26:17]} Bc5+ {[%clk 0:01:27]} 53. Kg2
{[%clk 0:26:45]} Bb6 {[%clk 0:01:33]} 54. Bb8 {[%clk 0:27:06]} Ba7
{[%clk 0:01:51]} 55. Bd6 {[%clk 0:27:34]} Nxd6 {[%clk 0:01:14]} 56. exd6
{[%clk 0:28:01]} Bb8 {[%clk 0:01:38]} 57. d7 {[%clk 0:28:23]} Bc7
{[%clk 0:02:05]} 58. Kf3 {[%clk 0:28:43]} Kf8 {[%clk 0:02:07]} 59. Bb5
{[%clk 0:28:50]} Ke7 {[%clk 0:02:20]} 60. h3 {[%clk 0:29:18]} e5 {[%clk 0:01:55]}
61. Ke4 {[%clk 0:28:46]} exf4 {[%clk 0:02:07]} 62. gxf4 {[%clk 0:29:13]} f5+
{[%clk 0:01:38]} 63. Ke3 {[%clk 0:29:31]} h4 {[%clk 0:01:51]} 64. Kf3
{[%clk 0:29:39]} Kd8 {[%clk 0:01:51]} 65. Ke4 1/2-1/2